|
|
|
|
| LEADER |
00968nam a22002177a 4500 |
| 001 |
29674 |
| 003 |
BD-DhAAL |
| 005 |
20240912121107.0 |
| 008 |
150827n bg ||||| |||| 00| 0 ben d |
| 040 |
|
|
|a BD-DhAAL
|c BD-DhAAL
|
| 082 |
|
|
|2 22
|a 307.1412095492
|
| 245 |
|
|
|a ব্র্যাক কর্ওৃক চিহ্নিতকৃত ভূমিহীনদের নামের তালিকা :
|b "ক".
|
| 264 |
|
|
|a ঢাকা :
|b বাংলাদেশ রুরাল এডভান্সমেণ্ট কমিটি (ব্র্যাক),
|c ?
|
| 300 |
|
|
|a ৭৫ পৃষ্ঠা :
|c ৩৫ সে. মি.
|
| 541 |
|
|
|e 29674
|
| 610 |
|
|
|a BRAC
|9 14305
|
| 710 |
|
|
|a BRAC
|9 14306
|
| 852 |
|
|
|a Ayesha Abed Library
|c BRAC Resource Section
|
| 942 |
|
|
|2 ddc
|c BK
|
| 999 |
|
|
|c 35396
|d 35396
|
| 952 |
|
|
|0 0
|1 0
|2 ddc
|4 0
|6 307_141209549200000_BRA
|7 1
|9 55658
|a BRACUL
|b BRACUL
|c BRS
|d 2015-08-27
|l 1
|o 307.1412095492 BRA
|p 3010029674
|r 2025-12-30
|s 2025-03-23
|t 1
|w 2015-08-27
|y BK
|